Les quais de Paris - Statistiques

Statistiques générales
  • Ce quiz a été pris 58 fois
    19 depuis la dernière actualisation
  • Le résultat moyen est 13 sur 55
Statistiques - réponses
Arrondissement Cours d'eau Rive Nom % Correct
10e Canal Saint-Martin Est Quai de Jemmapes
58%
7e Seine Rive gauche Quai Branly
50%
12e Seine Rive droite Quai de Bercy
50%
13e Seine Rive gauche Quai de la Gare
50%
1er Seine Île de la Cité Quai des Orfèvres
50%
7e Seine Rive gauche Quai d'Orsay
50%
1er Seine Rive droite Quai du Louvre
50%
5e Seine Rive gauche Quai Saint-Michel
50%
19e Bassin de la Villette Est Quai de la Loire
42%
19e Bassin de la Villette Ouest Quai de la Seine
42%
10e Canal Saint-Martin Ouest Quai de Valmy
42%
4e Seine Île de la Cité Quai aux Fleurs
33%
15e Seine Rive gauche Quai de Grenelle
33%
12e Seine Rive droite Quai de la Rapée
33%
4e Seine Rive droite Quai de l'Hôtel de Ville
33%
6e Seine Rive gauche Quai des Grands Augustins
33%
1er Seine Rive droite Quai François Mitterrand
33%
7e Seine Rive gauche Quai Voltaire
33%
7e Seine Rive gauche Quai Anatole France
25%
6e Seine Rive gauche Quai de Conti
25%
19e Darse du fond de Rouvray Ouest Quai de la Garonne
25%
19e Canal de l'Ourcq Est Quai de la Marne
25%
1er Seine Île de la Cité Quai de l'Horloge
25%
15e Seine Rive gauche Quai d'Issy-les-Mouineaux
25%
7e, 15e Seine Rive gauche Quai Jacques Chirac
25%
16e Seine Rive droite Quai Louis Blériot
25%
15e Seine Rive gauche Quai André Citroën
17%
4e Seine Île Saint-Louis Quai d'Anjou
17%
13e Seine Rive gauche Quai d'Austerlitz
17%
4e Seine Île Saint-Louis Quai de Béthune
17%
4e Seine Île Saint-Louis Quai de Bourbon
17%
4e Seine Rive droite Quai de Gesvres
17%
4e Seine Île de la Cité Quai de la Corse
17%
1er Seine Rive droite Quai de la Mégisserie
17%
5e Seine Rive gauche Quai de la Tournelle
17%
19e Canal de l'Ourcq Ouest Quai de l'Oise
17%
1er Seine Rive droite Quai des Tuileries
17%
13e Seine Rive gauche Quai d'Ivry
17%
4e Seine Rive droite Quai Henri IV
17%
6e Seine Rive gauche Quai Malaquais
17%
5e Seine Rive gauche Quai Saint-Bernard
17%
19e Canal Saint-Denis Est Quai de la Charente
8%
19e Canal Saint-Denis Ouest Quai de la Gironde
8%
19e Canal Saint-Denis Est Quai de l'Allier
8%
4e Seine Île de la Cité Quai de l'Archevêché
8%
19e Darse du fond de Rouvray Est Quai de Metz
8%
5e Seine Rive gauche Quai de Montebello
8%
4e Seine Rive droite Quai des Célestins
8%
4e Seine Île Saint-Louis Quai d'Orléans
8%
19e Canal Saint-Denis Ouest Quai du Lot
8%
13e Seine Rive gauche Quai Panhard et Levassor
8%
16e Seine Rive droite Quai Saint-Exupéry
8%
7e Seine Rive gauche Quai Valéry Giscard d'Estaing
8%
4e Seine Île de la Cité Quai du Marché Neuf
0%
13e Seine Rive gauche Quai François Mauriac
0%
Aucun quiz correspondant
Distribution des résultats
% des personnes avec chaque résultat
Percentile par nombre de réponses
Votre historique - résultats
Vous n’avez pas pris ce quiz depuis la dernière actualisation